[Event "Sydney NSW op"]
[Site "Sydney"]
[Date "2024.06.10"]
[Round "6"]
[White "Yu, Zachary"]
[Black "Shen, Zhiyuan"]
[Result "0-1"]
[WhiteElo "1911"]
[BlackElo "1974"]
[PlyCount "98"]
[EventDate "2024.06.07"]
[EventType "tourn"]
[EventRounds "7"]
[EventCountry "AUS"]
[SourceTitle "CBM 220 Extra"]
[Source "ChessBase"]
[SourceDate "2024.07.31"]
[SourceVersion "1"]
[SourceVersionDate "2024.07.31"]
[SourceQuality "1"]

1. d4 d5 2. c4 e6 3. Nf3 Nf6 4. g3 Be7 5. Bg2 0-0 6. 0-0 dxc4 7. Qa4 a6 8. Qxc4 b5 9. Qc2 Bb7 10. Bd2 Be4 11. Qc1 Nbd7 12. Ba5 Ra7 13. Nbd2 Bd5 14. b4 Bd6 15. Qc2 Qa8 16. Rfe1 Ne4 17. Nh4 Nxd2 18. Bxd5 Qxd5 19. Qxd2 e5 20. Nf5 Qe6 21. e4 g6 22. d5 Qe8 23. Nxd6 cxd6 24. Rac1 Nb8 25. Rc2 Qd7 26. Rec1 Qg4 27. Qe3 Re7 28. Rc7 Rxc7 29. Rxc7 Nd7 30. Rc6 Qd1+ 31. Kg2 f5 32. Rc1 f4 33. Rxd1 fxe3 34. f3 Rc8 35. Re1 Rc2+ 36. Kh3 e2 37. a3 Ra2 38. Bc7 Kf7 39. Bxd6 Nb6 40. Bxe5 Nc4 41. f4 Ne3 42. Bd4 Nc4 43. e5 Rd2 44. e6+ Ke8 45. Bc5 Nxa3 46. d6 Nc4 47. d7+ Kd8 48. Rxe2 Rxe2 49. Bb6+ Nxb6 0-1

[Event "North Island-ch Staurt Memorial"]
[Site "Auckland"]
[Date "2023.07.14"]
[Round "3"]
[White "Yu, Zachary"]
[Black "Baker, Ilias Angelo"]
[Result "1-0"]
[WhiteElo "1914"]
[BlackElo "1509"]
[PlyCount "75"]
[EventDate "2023.07.13"]
[EventType "swiss"]
[EventRounds "8"]
[EventCountry "NZL"]
[SourceTitle "EXT 2024"]
[Source "ChessBase"]
[SourceDate "2023.10.10"]
[SourceVersion "1"]
[SourceVersionDate "2023.10.10"]
[SourceQuality "1"]

1. d4 Nf6 2. c4 e6 3. Nf3 d5 4. g3 dxc4 5. Bg2 c5 6. 0-0 Nc6 7. Qa4 Bd7 8. Qxc4 b5 9. Qc3 b4 10. Qd3 Rc8 11. dxc5 Bxc5 12. Nbd2 0-0 13. Nb3 Be7 14. Rd1 e5 15. e4 Qc7 16. Bg5 Rfd8 17. Qe2 h6 18. Bxf6 Bxf6 19. Rac1 Qb6 20. Nc5 Bg4 21. Rxd8+ Rxd8 22. Qc2 Bxf3 23. Bxf3 Nd4 24. Qd3 Bg5 25. Rc4 Nxf3+ 26. Qxf3 Qb5 27. Qb3 a5 28. Na4 Rd4 29. Rc8+ Kh7 30. Qf3 Qd7 31. Rf8 Bf6 32. Kg2 Qe7 33. Ra8 g6 34. Nb6 Bg7 35. Nd5 Qb7 36. Re8 Bh8 37. Re7 Qc8 38. Qxf7+ 1-0

[Event "Sydney NSW op"]
[Site "Sydney"]
[Date "2023.06.11"]
[Round "5"]
[White "Yu, Zachary"]
[Black "Press, Harry"]
[Result "0-1"]
[WhiteElo "1863"]
[BlackElo "2077"]
[PlyCount "36"]
[EventDate "2023.06.10"]
[EventType "swiss"]
[EventRounds "7"]
[EventCountry "AUS"]
[SourceTitle "CBM 214 Extra"]
[Source "ChessBase"]
[SourceDate "2023.07.31"]
[SourceVersion "1"]
[SourceVersionDate "2023.07.31"]
[SourceQuality "1"]

1. d4 Nf6 2. c4 e6 3. Nc3 Bb4 4. Qc2 Nc6 5. Nf3 d6 6. Bg5 h6 7. Bh4 g5 8. Bg3 g4 9. d5 exd5 10. cxd5 Nxd5 11. Qe4+ Be6 12. Nd2 Nxc3 13. bxc3 Bxc3 14. Rb1 Bxd2+ 15. Kxd2 Qg5+ 16. Bf4 Qa5+ 17. Kd1 0-0-0 18. e3 Bf5 0-1

[Event "Arie Nijman Memorial"]
[Site "Christchurch"]
[Date "2023.05.21"]
[Round "6"]
[White "Yu, Zachary"]
[Black "Xu, Luna Yuexiu"]
[Result "1-0"]
[WhiteElo "1904"]
[BlackElo "1567"]
[PlyCount "113"]
[EventDate "2023.05.19"]
[EventType "swiss"]
[EventRounds "6"]
[EventCountry "NZL"]
[SourceTitle "EXT 2024"]
[Source "ChessBase"]
[SourceDate "2023.10.10"]
[SourceVersion "1"]
[SourceVersionDate "2023.10.10"]
[SourceQuality "1"]

1. d4 Nf6 2. c4 g6 3. Nc3 Bg7 4. e4 d6 5. Be2 0-0 6. Be3 a5 7. Nf3 Na6 8. Nd2 c5 9. d5 Nc7 10. h4 h5 11. f3 Qd7 12. Qc2 Na6 13. a3 b6 14. Na4 Rb8 15. Rb1 Qc7 16. Nb3 Bd7 17. Nc3 Qb7 18. Nc1 Nc7 19. a4 Rfe8 20. Bf4 Na6 21. Qd2 Kh7 22. b3 Rbd8 23. Nd3 Nb4 24. Nf2 Qc8 25. Kf1 Qc7 26. g3 Bf8 27. Bg5 Qc8 28. Kg2 Bg7 29. Rbg1 Rg8 30. Kf1 Rde8 31. Ncd1 Rh8 32. Rh2 Rhg8 33. Rhg2 Rh8 34. g4 Rhg8 35. Ne3 Na6 36. Rg3 Nc7 37. Ng2 Rh8 38. Nf4 hxg4 39. fxg4 Kg8 40. h5 gxh5 41. gxh5 Kf8 42. h6 Kg8 43. Bxf6 exf6 44. Rxg7+ Kf8 45. h7 Ke7 46. Ng6+ Kd8 47. Nxh8 Bh3+ 48. Ke1 Rxh8 49. Rg8+ Ke7 50. Rxc8 Bxc8 51. Rg8 Rxh7 52. Rxc8 Na6 53. Qf4 Nb4 54. Rc7+ Ke8 55. Qxd6 Nc2+ 56. Kd2 Nd4 57. Qe7# 1-0

[Event "Wellington op"]
[Site "Wellington"]
[Date "2023.04.08"]
[Round "3"]
[White "Yu, Zachary"]
[Black "Ashe, Michael"]
[Result "1-0"]
[WhiteElo "1797"]
[BlackElo "1515"]
[PlyCount "67"]
[EventDate "2023.04.07"]
[EventType "swiss"]
[EventRounds "6"]
[EventCountry "NZL"]
[SourceTitle "EXT 2025"]
[Source "ChessBase"]
[SourceDate "2024.10.14"]
[SourceVersion "1"]
[SourceVersionDate "2024.10.14"]
[SourceQuality "1"]

1. d4 Nf6 2. c4 e6 3. Nf3 Bb4+ 4. Nbd2 0-0 5. g3 d5 6. Qc2 c6 7. Bg2 Re8 8. 0-0 Nbd7 9. Rd1 Bf8 10. e4 dxe4 11. Nxe4 Qc7 12. Bf4 Qb6 13. c5 Qd8 14. Nd6 Bxd6 15. Bxd6 Nd5 16. h4 N7f6 17. Ne5 Nd7 18. Nd3 N7f6 19. b4 Nc7 20. a4 a5 21. Rab1 Nfd5 22. Ne5 f6 23. Nc4 Rb8 24. Re1 b5 25. cxb6 Nxb6 26. Bxc7 Qxc7 27. Nxb6 Qxb6 28. Qxc6 Qxc6 29. Bxc6 Rd8 30. Red1 Bd7 31. b5 Bxc6 32. bxc6 Rxb1 33. Rxb1 Rxd4 34. c7 1-0

[Event "South Island-ch Rapid"]
[Site "Invercargill"]
[Date "2022.10.09"]
[Round "3"]
[White "Yu, Zachary"]
[Black "Rains, Edward"]
[Result "0-1"]
[WhiteElo "1558"]
[BlackElo "1953"]
[PlyCount "70"]
[EventDate "2022.10.09"]
[EventType "swiss (rapid)"]
[EventRounds "6"]
[EventCountry "NZL"]
[SourceTitle "EXT 2024"]
[Source "ChessBase"]
[SourceDate "2023.10.10"]
[SourceVersion "1"]
[SourceVersionDate "2023.10.10"]
[SourceQuality "1"]

1. d4 d5 2. c4 c6 3. Nf3 Nf6 4. Nc3 e6 5. Bg5 Nbd7 6. e3 Qa5 7. Qc2 Bb4 8. Bd3 Ne4 9. Bxe4 dxe4 10. Nd2 Qxg5 11. Ndxe4 Qg6 12. 0-0-0 Bxc3 13. bxc3 0-0 14. h4 Nf6 15. Nxf6+ Qxf6 16. h5 h6 17. f4 Qf5 18. Qe2 Qa5 19. Qc2 e5 20. fxe5 Be6 21. g4 Bxc4 22. Kb1 f6 23. exf6 Rxf6 24. g5 Qxg5 25. Rdg1 Qf5 26. e4 Qf2 27. Qa4 b5 28. Qa3 Bd3+ 29. Ka1 Raf8 30. Qxa7 R6f7 31. Qc5 Ra8 32. a3 Bc4 33. Kb1 Qa2+ 34. Kc1 Qa1+ 35. Kd2 Qb2+ 0-1

[Event "North Island-ch"]
[Site "Auckland"]
[Date "2022.07.16"]
[Round "7"]
[White "Yu, Zachary"]
[Black "McDonald, Duncan"]
[Result "1/2-1/2"]
[WhiteElo "1681"]
[BlackElo "1284"]
[PlyCount "79"]
[EventDate "2022.07.14"]
[EventType "swiss"]
[EventRounds "9"]
[EventCountry "NZL"]
[SourceTitle "EXT 2024"]
[Source "ChessBase"]
[SourceDate "2023.10.10"]
[SourceVersion "1"]
[SourceVersionDate "2023.10.10"]
[SourceQuality "1"]

1. d4 d5 2. c4 e6 3. Nf3 Nf6 4. g3 Be7 5. Bg2 0-0 6. 0-0 c6 7. Qc2 Nbd7 8. Rd1 b6 9. b3 Bb7 10. Nc3 Rc8 11. e4 dxe4 12. Nxe4 Nxe4 13. Qxe4 Nf6 14. Qe2 Qc7 15. Bb2 Rfd8 16. Rac1 c5 17. Rc2 cxd4 18. Nxd4 Bxg2 19. Kxg2 Rd7 20. Rcd2 Rcd8 21. f3 Qb7 22. Rd3 h6 23. Bc1 Bc5 24. Nc2 a5 25. Bf4 Rxd3 26. Rxd3 Rxd3 27. Qxd3 Qd7 28. Ne1 Kf8 29. Be5 Qxd3 30. Nxd3 Nd7 31. Bb2 Bd6 32. f4 g6 33. Kf3 h5 34. h3 Ke7 35. g4 hxg4+ 36. hxg4 Bc7 37. Bd4 Bd6 38. Bb2 Bc7 39. Kg3 Bd6 40. Kf3 1/2-1/2

[Event "Auckland Stuart Memorial op"]
[Site "Auckland"]
[Date "2022.06.24"]
[Round "1"]
[White "Punsalan, Vyanla M"]
[Black "Yu, Zachary"]
[Result "1/2-1/2"]
[WhiteElo "1906"]
[BlackElo "1588"]
[PlyCount "68"]
[EventDate "2022.06.24"]
[EventType "swiss"]
[EventRounds "6"]
[EventCountry "NZL"]
[SourceTitle "EXT 2024"]
[Source "ChessBase"]
[SourceDate "2023.10.10"]
[SourceVersion "1"]
[SourceVersionDate "2023.10.10"]
[SourceQuality "1"]

1. e4 c5 2. c3 Nf6 3. e5 Nd5 4. d4 d6 5. Nf3 Nc6 6. Na3 cxd4 7. exd6 e6 8. Nxd4 Nxd4 9. Qxd4 Qxd6 10. Nc4 Qc5 11. Qg4 Be7 12. Qxg7 Bf6 13. Qg3 b5 14. Nd6+ Ke7 15. Ne4 Qc6 16. Nxf6 Nxf6 17. Qe5 Rg8 18. Bg5 Rxg5 19. Qxg5 Ba6 20. f3 Qb6 21. Rd1 Rg8 22. Qe5 Rc8 23. h4 Rc5 24. Qd4 Qc7 25. Rd2 Nh5 26. Bd3 Nf4 27. Be4 Rc4 28. Qg7 b4 29. Qg5+ Ke8 30. Qg8+ Ke7 31. 0-0 bxc3 32. bxc3 Rxc3 33. Qg5+ Ke8 34. Qg8+ Ke7 1/2-1/2